[Event "Canada int. ch"]
[Site "Longueuil CAN"]
[Date "2019.10.11"]
[Round "1.6"]
[White "Steel, Henry"]
[Black "Tanaka, Tyler"]
[Result "1-0"]
[WhiteElo "2410"]
[BlackElo "2106"]
[PlyCount "99"]
[EventDate "2019.10.11"]
[EventType "swiss"]
[EventRounds "5"]
[EventCountry "CAN"]

1. e4 c5 2. Nc3 g6 3. Nf3 Bg7 4. d4 cxd4 5. Nxd4 Nc6 6. Be3 Nf6 7. Bc4 O-O 8.
Bb3 d6 9. h3 Bd7 10. O-O Nxd4 11. Bxd4 Bc6 12. Qd3 Nd7 13. Bxg7 Kxg7 14. Rad1
Kg8 15. Nd5 Nc5 16. Qd4 Rc8 17. c3 Bxd5 18. exd5 b5 19. Rfe1 Re8 20. Re3 Qb6
21. Qf4 a5 22. Rde1 Qb7 23. Qd4 Na6 24. h4 a4 25. Bd1 Rc4 26. Qd2 Rxh4 27. b3
axb3 28. axb3 b4 29. c4 Qa7 30. Bf3 Rd4 31. Qb2 Rf4 32. Qa2 Qb7 33. g3 Rf5 34.
Bg4 Rg5 35. Qe2 h5 36. Bh3 Qb6 37. Kg2 h4 38. Rxe7 Rxe7 39. Qxe7 hxg3 40. fxg3
Re5 41. Rxe5 dxe5 42. d6 Nb8 43. Qe8+ Kg7 44. Qxe5+ Kg8 45. d7 Nc6 46. Qd6 Kg7
47. Bg4 Qe3 48. Qxc6 Qd2+ 49. Kg1 f5 50. Qd5 1-0

[Event "Canada int. ch"]
[Site "Longueuil CAN"]
[Date "2019.10.11"]
[Round "1.11"]
[White "Regis, Isaias"]
[Black "Perez Rodriguez, Luis Manuel"]
[Result "0-1"]
[WhiteElo "2090"]
[BlackElo "2345"]
[PlyCount "31"]
[EventDate "2019.10.11"]
[EventType "swiss"]
[EventRounds "5"]
[EventCountry "CAN"]

1. e4 e5 2. Nf3 Nc6 3. Bc4 Nf6 4. Ng5 d5 5. exd5 Na5 6. Bb5+ Bd7 7. Qe2 Bd6 8.
Nc3 O-O 9. Bxd7 Qxd7 10. d3 c6 11. dxc6 Nxc6 12. Nge4 Be7 13. O-O Nd4 14. Nxf6+
Bxf6 15. Qd1 Rac8 16. a4 0-1

[Event "Canada int. ch"]
[Site "Longueuil CAN"]
[Date "2019.10.11"]
[Round "1.13"]
[White "Prahov, Valentin"]
[Black "Hua, Eugene"]
[Result "1/2-1/2"]
[WhiteElo "2057"]
[BlackElo "2285"]
[PlyCount "157"]
[EventDate "2019.10.11"]
[EventType "swiss"]
[EventRounds "5"]
[EventCountry "CAN"]

1. e4 c5 2. Nf3 d6 3. d4 cxd4 4. c3 dxc3 5. Nxc3 Nc6 6. Bc4 a6 7. O-O Nf6 8. h3
e6 9. a3 Be7 10. Qe2 O-O 11. Rd1 Qc7 12. Be3 Bd7 13. Rac1 Rac8 14. Ba2 Qb8 15.
Qd3 b5 16. b4 Ne5 17. Nxe5 dxe5 18. Nb1 Bc6 19. f3 Rfd8 20. Qf1 Bb7 21. Nd2
Rxc1 22. Rxc1 Rc8 23. Nb3 Rxc1 24. Qxc1 Nd7 25. Kf2 Qc8 26. Qxc8+ Bxc8 27. Ke2
Kf8 28. Kd3 Ke8 29. Na5 Bd8 30. Nc6 Bc7 31. Kc3 Bb7 32. Na5 Ba8 33. Nb3 Bd6 34.
Na5 f5 35. Bb1 Nf6 36. exf5 Nd5+ 37. Kd2 exf5 38. Bxf5 Nxb4 39. Nb3 Nd5 40. Bc5
Ke7 41. Be4 h6 42. h4 Nc7 43. Bxa8 Nxa8 44. Kd3 Nc7 45. Ke4 Ne6 46. Bb4 Nf4 47.
g3 Nh5 48. g4 Nf6+ 49. Kf5 Bxb4 50. axb4 Nd5 51. Kxe5 Nxb4 52. f4 Nd3+ 53. Kf5
Kf7 54. h5 Nb2 55. g5 Nc4 56. Ke4 a5 57. Kd5 a4 58. Nd4 a3 59. Kc5 Ne3 60. Kxb5
a2 61. Nb3 Nd5 62. Ka4 Nxf4 63. gxh6 gxh6 64. Ka3 Nxh5 65. Kxa2 Nf4 66. Kb1 Kf6
67. Kc2 h5 68. Kd1 Kg5 69. Ke1 Kg4 70. Kf2 Nd3+ 71. Kg2 Ne1+ 72. Kh1 Kg3 73.
Nd2 Nd3 74. Ne4+ Kf4 75. Nd2 Ke3 76. Nc4+ Kf2 77. Kh2 h4 78. Kh3 Nf4+ 79. Kxh4
1/2-1/2

[Event "Canada int. ch"]
[Site "Longueuil CAN"]
[Date "2019.10.11"]
[Round "1.14"]
[White "Bouvier, Jesse"]
[Black "Saha, Ananda"]
[Result "1-0"]
[WhiteElo "2266"]
[BlackElo "2055"]
[PlyCount "141"]
[EventDate "2019.10.11"]
[EventType "swiss"]
[EventRounds "5"]
[EventCountry "CAN"]

1. e4 e6 2. d4 d5 3. e5 c5 4. c3 Nc6 5. Nf3 Bd7 6. a3 Nge7 7. Bd3 Rc8 8. O-O
cxd4 9. cxd4 Nf5 10. Bxf5 exf5 11. Qb3 Qb6 12. Qxb6 axb6 13. Nc3 Be6 14. Be3
Be7 15. Rfd1 h6 16. h4 Rg8 17. h5 g5 18. hxg6 fxg6 19. Ne1 g5 20. f4 Na5 21.
Bf2 Nc4 22. Rab1 Kf7 23. Ne2 g4 24. g3 h5 25. Rd3 b5 26. Ng2 b6 27. Be1 Rc6 28.
Rb3 Rd8 29. Rxb5 Bc8 30. Rb3 Ke6 31. Rd3 Ba6 32. Rc3 Rdc8 33. Kf2 b5 34. Rcc1
Bd8 35. Bb4 Bb6 36. Rh1 Rh8 37. Rbc1 Bb7 38. b3 Na5 39. Bxa5 Bxa5 40. b4 Bb6
41. Rxc6+ Bxc6 42. Rc1 Bd7 43. Ke3 Bd8 44. Nh4 Rg8 45. Ng2 Be7 46. Rc7 Ra8 47.
Rc3 h4 48. gxh4 Rh8 49. Kf2 Bxh4+ 50. Nxh4 Rxh4 51. Kg2 Rh6 52. Nc1 Ke7 53. Nb3
Kd8 54. Na5 Ke7 55. Nb7 Ke8 56. Nd6+ Ke7 57. Nb7 Ke8 58. Nc5 Rc6 59. Rc1 Rh6
60. Rh1 Rxh1 61. Kxh1 Ke7 62. Kh2 Be8 63. Kg3 Kf7 64. Kh4 Kg6 65. Nb3 Kh6 66.
Nd2 Kg6 67. Nb1 Bc6 68. Nc3 Kh6 69. a4 bxa4 70. b5 Be8 71. b6 1-0

[Event "Canada int. ch"]
[Site "Longueuil CAN"]
[Date "2019.10.11"]
[Round "1.15"]
[White "Robichaud, Louis"]
[Black "Rodrigue-Lemieux, Shawn"]
[Result "0-1"]
[WhiteElo "2162"]
[BlackElo "2263"]
[PlyCount "74"]
[EventDate "2019.10.11"]
[EventType "swiss"]
[EventRounds "5"]
[EventCountry "CAN"]

1. e4 e6 2. d3 d5 3. Nd2 c5 4. g3 Nc6 5. Bg2 Nf6 6. Ngf3 Be7 7. O-O O-O 8. Re1
Qc7 9. e5 Nd7 10. Qe2 b5 11. Nf1 Bb7 12. h4 Rfc8 13. c3 a5 14. h5 h6 15. N1h2
Qd8 16. Ng4 Qf8 17. Bf4 b4 18. Qd2 Kh7 19. c4 Nb6 20. b3 a4 21. d4 dxc4 22.
bxc4 cxd4 23. Nxd4 Kh8 24. Nb5 Nxc4 25. Qd7 Rab8 26. Qd3 N6a5 27. Bxb7 Rxb7 28.
Nd6 Rd8 29. Qe2 Nxd6 30. exd6 Bxd6 31. Qa6 Bxf4 32. gxf4 Ra8 33. Qe2 b3 34.
axb3 Nxb3 35. Ra2 Qb4 36. Qe4 Qxe4 37. Rxe4 f5 0-1

[Event "Canada int. ch"]
[Site "Longueuil CAN"]
[Date "2019.10.11"]
[Round "1.16"]
[White "Hirschberg, Valerian"]
[Black "Nunez-Painchaud, Raphael"]
[Result "1-0"]
[WhiteElo "2235"]
[BlackElo "2033"]
[PlyCount "79"]
[EventDate "2019.10.11"]
[EventType "swiss"]
[EventRounds "5"]
[EventCountry "CAN"]

1. Nf3 c5 2. g3 Nc6 3. c4 g6 4. Nc3 Bg7 5. Bg2 e5 6. O-O Nge7 7. a3 O-O 8. Rb1
a5 9. Ne1 d6 10. Nc2 Be6 11. Ne3 f5 12. d3 h6 13. Bd2 g5 14. Ned5 f4 15. b4
cxb4 16. axb4 a4 17. Nxa4 Nd4 18. Nac3 Nxd5 19. cxd5 Bg4 20. h3 Bxe2 21. Nxe2
f3 22. Nxd4 fxg2 23. Kxg2 exd4 24. Qg4 Ra2 25. Rbd1 Re8 26. h4 Bf6 27. hxg5
hxg5 28. Rh1 Kg7 29. Qf5 Rh8 30. Rxh8 Qxh8 31. Rh1 Qxh1+ 32. Kxh1 Rxd2 33. Kg2
Be7 34. b5 b6 35. Kf1 Rb2 36. Qd7 Kf8 37. Qc6 Rb3 38. Qxb6 Rxd3 39. Qc7 Rc3 40.
b6 1-0

[Event "Canada int. ch"]
[Site "Longueuil CAN"]
[Date "2019.10.11"]
[Round "1.18"]
[White "Sasata, Robert"]
[Black "Turcotte, Jonathan"]
[Result "1-0"]
[WhiteElo "2212"]
[BlackElo "1976"]
[PlyCount "60"]
[EventDate "2019.10.11"]
[EventType "swiss"]
[EventRounds "5"]
[EventCountry "CAN"]

1. d4 d5 2. c4 c6 3. Nc3 Nf6 4. Nf3 e6 5. Bg5 h6 6. Bxf6 Qxf6 7. Qb3 Nd7 8. e3
g6 9. Be2 Bg7 10. O-O O-O 11. Rfd1 dxc4 12. Bxc4 b6 13. Qa3 c5 14. Bb5 cxd4 15.
Rxd4 Nc5 16. Bc6 Bb7 17. Ne4 Qf5 18. Nd6 Bxc6 19. Nxf5 exf5 20. Rd2 Rfc8 21.
Nd4 Bb7 22. f3 Bf8 23. b4 Na6 24. Nc2 Rc4 25. Qb3 b5 26. a4 Nxb4 27. axb5 Rac8
28. Nxb4 Rxb4 29. Qd3 Rbc4 30. Rxa7 Rc3 1-0

[Event "Canada int. ch"]
[Site "Longueuil CAN"]
[Date "2019.10.11"]
[Round "1.19"]
[White "Masse, Hugues"]
[Black "Poulin, Maurice"]
[Result "1-0"]
[WhiteElo "2192"]
[BlackElo "1945"]
[PlyCount "103"]
[EventDate "2019.10.11"]
[EventType "swiss"]
[EventRounds "5"]
[EventCountry "CAN"]

1. e4 g6 2. d4 Bg7 3. Nc3 d6 4. f4 c6 5. Nf3 Bg4 6. Be3 Qb6 7. Qd2 Bxf3 8. gxf3
Qxb2 9. Rb1 Qa3 10. Rxb7 Nd7 11. Rb3 Qa5 12. Be2 Ngf6 13. O-O O-O 14. Nd5 Qd8
15. Nxf6+ Bxf6 16. Kh1 Qc7 17. Rg1 c5 18. c3 Rfb8 19. f5 c4 20. Rxb8+ Rxb8 21.
Qc2 Kf8 22. fxg6 hxg6 23. f4 e6 24. Bf3 Qa5 25. Be2 d5 26. f5 gxf5 27. exf5 e5
28. Bf3 e4 29. Be2 Qb5 30. Bf4 Rb6 31. Bd1 Nb8 32. Bc1 Qd7 33. Bg4 Qb7 34. Ba3+
Be7 35. Bc1 Nd7 36. Bf4 Nf6 37. Bh6+ Ke8 38. Qa4+ Qd7 39. Bd1 Kd8 40. Qxd7+
Nxd7 41. Bc1 Rb1 42. Bh5 Ke8 43. Bf4 Rxg1+ 44. Kxg1 Bh4 45. Bd6 Be1 46. Bb4 Nb8
47. Kf1 Bd2 48. Bd1 Nc6 49. Ba4 Kd7 50. Ke2 Bf4 51. h4 Kc7 52. Bf8 1-0

[Event "Canada int. ch"]
[Site "Longueuil CAN"]
[Date "2019.10.11"]
[Round "1.20"]
[White "Sullivan, Andrew"]
[Black "Ouellet, Maili-Jade"]
[Result "0-1"]
[WhiteElo "1884"]
[BlackElo "2187"]
[PlyCount "52"]
[EventDate "2019.10.11"]
[EventType "swiss"]
[EventRounds "5"]
[EventCountry "CAN"]

1. e4 c5 2. Nc3 d6 3. Nge2 Nf6 4. g3 g6 5. Bg2 Bg7 6. O-O O-O 7. d3 Nc6 8. h3
Rb8 9. f4 Bd7 10. Be3 b5 11. Qd2 Qc8 12. Kh2 Ne8 13. f5 b4 14. Nd1 Nd4 15. g4
Nxe2 16. Qxe2 Bb5 17. Rg1 Nf6 18. Bf3 Nd7 19. Qd2 Ne5 20. Be2 Rd8 21. c4 bxc3
22. Nxc3 Bxd3 23. Nd5 Qb7 24. b3 Bxe4 25. Nf4 Nc6 26. fxg6 hxg6 0-1

[Event "Canada int. ch"]
[Site "Longueuil CAN"]
[Date "2019.10.11"]
[Round "1.21"]
[White "Hernandez Moya, Yuleisy"]
[Black "Nazareno, Merlin"]
[Result "1-0"]
[WhiteElo "2173"]
[BlackElo "1873"]
[PlyCount "84"]
[EventDate "2019.10.11"]
[EventType "swiss"]
[EventRounds "5"]
[EventCountry "CAN"]

1. e4 Nc6 2. Nf3 f5 3. exf5 d5 4. d4 Bxf5 5. c3 Nf6 6. Bd3 Qd7 7. O-O g6 8. Bb5
Bg4 9. Nbd2 Qd6 10. Qa4 Nd7 11. Ne5 Ncxe5 12. dxe5 Qe6 13. h3 c6 14. hxg4 cxb5
15. Qxb5 Bg7 16. f4 O-O 17. Nb3 Nb6 18. Qe2 Na4 19. Nd4 Qc8 20. Qb5 Nb6 21. a4
e6 22. a5 Nc4 23. Rf3 Re8 24. b3 a6 25. Qa4 b5 26. Qa2 Nxe5 27. fxe5 Bxe5 28.
b4 Bg7 29. Bg5 Qd7 30. Raf1 e5 31. Ne2 Rac8 32. Bf6 Bf8 33. g5 Rc4 34. Qd2 Qc6
35. Bxe5 Bd6 36. Nd4 Qc7 37. Bxd6 Qxd6 38. Rf7 Rc7 39. Qf2 Rxc3 40. Qh4 h5 41.
gxh6 Qe5 42. h7+ Kh8 1-0

[Event "Canada int. ch"]
[Site "Longueuil CAN"]
[Date "2019.10.11"]
[Round "1.22"]
[White "Xu, Daniel"]
[Black "Cazelais, Marc"]
[Result "0-1"]
[WhiteElo "1838"]
[BlackElo "2170"]
[PlyCount "62"]
[EventDate "2019.10.11"]
[EventType "swiss"]
[EventRounds "5"]
[EventCountry "CAN"]

1. d4 g6 2. c4 Bg7 3. Nc3 d6 4. e4 Nc6 5. Nf3 Bg4 6. Be3 e5 7. d5 Nd4 8. Be2
Bxf3 9. Bxf3 c5 10. dxc6 bxc6 11. O-O Ne7 12. Be2 O-O 13. Qd2 f5 14. f3 f4 15.
Bf2 g5 16. Rab1 Ng6 17. b4 g4 18. fxg4 f3 19. gxf3 Rxf3 20. Bxd4 Rxf1+ 21. Rxf1
exd4 22. Nd1 Qh4 23. Qe1 Qe7 24. Bd3 Ne5 25. Qe2 Qh4 26. Nf2 Rf8 27. Kg2 Rf3
28. c5 Re3 29. Qd1 Nxd3 30. Qb3+ d5 31. Nxd3 Qxg4+ 0-1

[Event "Canada int. ch"]
[Site "Longueuil CAN"]
[Date "2019.10.11"]
[Round "1.23"]
[White "Duong, Thanh Nha"]
[Black "Qiao, Cindy"]
[Result "1-0"]
[WhiteElo "2165"]
[BlackElo "1731"]
[PlyCount "119"]
[EventDate "2019.10.11"]
[EventType "swiss"]
[EventRounds "5"]
[EventCountry "CAN"]

1. Nf3 d5 2. c4 e6 3. g3 Nf6 4. Bg2 g6 5. O-O Bg7 6. d4 O-O 7. Nc3 c6 8. Bf4
Ne4 9. Qd3 f5 10. Be5 Bh6 11. e3 Nd7 12. b4 Nb6 13. c5 Nc4 14. a4 a6 15. Nb1 g5
16. Nfd2 Nxe5 17. dxe5 Qc7 18. f4 g4 19. Nb3 Qe7 20. Nc3 Bd7 21. Ne2 Rfd8 22.
Ned4 Rf8 23. Rfc1 Rac8 24. Rc2 Rf7 25. Qd1 Rg7 26. Rac1 Rg6 27. Na5 Be8 28. Qe2
Bf8 29. Rf1 Rc7 30. Nab3 Rc8 31. Nc1 Bd7 32. Nd3 Re8 33. Rb1 Rc8 34. Rf1 Re8
35. Qe1 Rg7 36. Qb1 Rc8 37. Rfc1 Qe8 38. Qb2 h5 39. Rf1 Rh7 40. Ne1 Rf7 41.
Bxe4 fxe4 42. Ng2 Bg7 43. Nh4 Kh7 44. h3 gxh3 45. Rh2 Bh6 46. Qe2 Rg7 47. Rxh3
Qg8 48. Kh2 Rg4 49. f5 exf5 50. Nhxf5 Bxf5 51. Nxf5 Qg5 52. Nxh6 Kxh6 53. Rf6+
Kg7 54. Qf2 h4 55. Rf7+ Kg8 56. Rxh4 Rxh4+ 57. gxh4 Qxe5+ 58. Rf4 Rc7 59. Qg3+
Rg7 60. Rf8+ 1-0

[Event "Canada int. ch"]
[Site "Longueuil CAN"]
[Date "2019.10.12"]
[Round "2.1"]
[White "Ortiz Suarez, Isan Reynaldo"]
[Black "Hirschberg, Valerian"]
[Result "1-0"]
[WhiteElo "2555"]
[BlackElo "2235"]
[PlyCount "72"]
[EventDate "2019.10.11"]
[EventType "swiss"]
[EventRounds "5"]
[EventCountry "CAN"]

1. e4 c5 2. Nf3 Nc6 3. Bb5 g6 4. Bxc6 bxc6 5. d4 Bg7 6. dxc5 Qa5+ 7. Nbd2 Nf6
8. O-O Qxc5 9. c4 O-O 10. a3 Qh5 11. Re1 Ng4 12. Rb1 c5 13. b4 d6 14. Bb2 Bxb2
15. Rxb2 Ne5 16. Nxe5 Qxe5 17. Qc2 Rb8 18. b5 Bb7 19. Rb3 e6 20. Nf3 Qf4 21.
Rbe3 Rfc8 22. Qd2 Rd8 23. Qa5 d5 24. exd5 exd5 25. cxd5 Bxd5 26. Ne5 Qg5 27. f3
Qf6 28. a4 Kg7 29. Qxa7 Ra8 30. Qxc5 Rxa4 31. Rd3 Be6 32. b6 Bc8 33. Rxd8 Qxd8
34. Rc1 Ra2 35. Nxf7 Kxf7 36. Qc7+ Qxc7 1-0

[Event "Canada int. ch"]
[Site "Longueuil CAN"]
[Date "2019.10.12"]
[Round "2.2"]
[White "Tremblay, Rejean"]
[Black "Sambuev, Bator"]
[Result "0-1"]
[WhiteElo "2199"]
[BlackElo "2513"]
[PlyCount "81"]
[EventDate "2019.10.11"]
[EventType "swiss"]
[EventRounds "5"]
[EventCountry "CAN"]

1. d4 Nf6 2. c4 e6 3. Nf3 d5 4. Nc3 Be7 5. Bg5 h6 6. Bh4 O-O 7. Rc1 Ne4 8. Bxe7
Qxe7 9. e3 Nxc3 10. Rxc3 c6 11. Be2 Nd7 12. O-O dxc4 13. Bxc4 b6 14. Bd3 c5 15.
Bb5 Rd8 16. Bc6 Rb8 17. Qc2 Bb7 18. Bxb7 Rxb7 19. Rd1 a5 20. h3 Rc7 21. dxc5
Nxc5 22. Rxd8+ Qxd8 23. Ne5 Qd5 24. Nc4 Nd7 25. b3 Qc5 26. a4 Qb4 27. Rd3 f5
28. Qd1 Nf6 29. Rd6 Kh7 30. Rxe6 b5 31. axb5 a4 32. b6 Rc5 33. Rxf6 axb3 34.
Qd7 Qxc4 35. Rf7 Qxf7 36. Qxf7 b2 37. b7 b1=Q+ 38. Kh2 Rb5 39. e4 Qxe4 40. Qd7
Qc4 41. Kg1 0-1

[Event "Canada int. ch"]
[Site "Longueuil CAN"]
[Date "2019.10.12"]
[Round "2.4"]
[White "Cazelais, Marc"]
[Black "Roussel-Roozmon, Thomas"]
[Result "0-1"]
[WhiteElo "2170"]
[BlackElo "2472"]
[PlyCount "52"]
[EventDate "2019.10.11"]
[EventType "swiss"]
[EventRounds "5"]
[EventCountry "CAN"]

1. e4 c5 2. c3 Nf6 3. e5 Nd5 4. d4 cxd4 5. Nf3 e6 6. cxd4 d6 7. a3 Bd7 8. Bd3
Bc6 9. O-O Nd7 10. Qe2 Be7 11. Bd2 dxe5 12. dxe5 Nc5 13. Bc4 Nb6 14. Ba5 O-O
15. Nc3 Bxf3 16. Qxf3 Qd4 17. Bxb6 Qxc4 18. Bxc5 Qxc5 19. Qe4 Qb6 20. b4 Rac8
21. Ne2 Qa6 22. Rfc1 Rxc1+ 23. Nxc1 Rd8 24. h3 Rd1+ 25. Kh2 Qf1 26. Qxb7 Qxf2
0-1

[Event "Canada int. ch"]
[Site "Longueuil CAN"]
[Date "2019.10.12"]
[Round "2.5"]
[White "Gomez Garrido, Camilo Ernesto"]
[Black "Masse, Hugues"]
[Result "1-0"]
[WhiteElo "2471"]
[BlackElo "2192"]
[PlyCount "65"]
[EventDate "2019.10.11"]
[EventType "swiss"]
[EventRounds "5"]
[EventCountry "CAN"]

1. e4 e5 2. Nf3 Nf6 3. Nxe5 d6 4. Nf3 Nxe4 5. Nc3 Nf6 6. d4 Be7 7. h3 O-O 8.
Bd3 b6 9. d5 Re8 10. O-O Bb7 11. Nd4 g6 12. Bb5 Nfd7 13. a4 a6 14. Bc4 Nf6 15.
Be3 Nbd7 16. Qd2 Nc5 17. Nc6 Nfe4 18. Nxe4 Nxe4 19. Qd3 Bxc6 20. dxc6 Bf6 21.
c3 a5 22. Rfe1 Nc5 23. Qd5 Re7 24. Qf3 Bg7 25. Bg5 Rxe1+ 26. Rxe1 Qf8 27. Re7
Ne6 28. Bxe6 fxe6 29. Qxf8+ Bxf8 30. Rxc7 d5 31. Rd7 Rc8 32. c7 e5 33. Be3 1-0

[Event "Canada int. ch"]
[Site "Longueuil CAN"]
[Date "2019.10.12"]
[Round "2.6"]
[White "Zhong, Kevin"]
[Black "Steel, Henry"]
[Result "0-1"]
[WhiteElo "2099"]
[BlackElo "2410"]
[PlyCount "68"]
[EventDate "2019.10.11"]
[EventType "swiss"]
[EventRounds "5"]
[EventCountry "CAN"]

1. e4 b6 2. d4 Bb7 3. Bd3 e6 4. Nf3 d5 5. e5 Qd7 6. c3 a5 7. O-O Ba6 8. a4 Ne7
9. Ng5 h6 10. Nh3 h5 11. f4 Bxd3 12. Qxd3 Nf5 13. b3 c5 14. Bb2 cxd4 15. cxd4
Nc6 16. Kh1 Rc8 17. Qd2 Bb4 18. Qd3 O-O 19. Ng5 Be7 20. Qd2 Rc7 21. Nf3 Rfc8
22. Na3 Bb4 23. Qd3 Bxa3 24. Bxa3 Nb4 25. Bxb4 axb4 26. Qa6 Qc6 27. Qb5 Ne3 28.
Rg1 Nc2 29. Ra2 Qxb5 30. axb5 Na3 31. g4 hxg4 32. Rxg4 Rc3 33. Rag2 Rxf3 34.
Rxg7+ Kh8 0-1

[Event "Canada int. ch"]
[Site "Longueuil CAN"]
[Date "2019.10.12"]
[Round "2.7"]
[White "Leon Valdes, Jony Wilson"]
[Black "Hernandez Moya, Yuleisy"]
[Result "1-0"]
[WhiteElo "2393"]
[BlackElo "2173"]
[PlyCount "51"]
[EventDate "2019.10.11"]
[EventType "swiss"]
[EventRounds "5"]
[EventCountry "CAN"]

1. d4 f5 2. c4 Nf6 3. Nc3 g6 4. f3 d6 5. e4 Bg7 6. exf5 Bxf5 7. Bd3 e5 8. Bxf5
gxf5 9. dxe5 dxe5 10. Qxd8+ Kxd8 11. Bg5 c6 12. Nge2 Ke7 13. f4 exf4 14. O-O
Kf7 15. Rxf4 Kg6 16. Bh4 Nh5 17. Rf3 Nd7 18. Rd1 Ne5 19. Nf4+ Nxf4 20. Rxf4
Rhf8 21. Rd6+ Kf7 22. Ne4 Kg8 23. Nf6+ Kh8 24. Rxf5 Nxc4 25. Rh5 h6 26. Rd7 1-0

[Event "Canada int. ch"]
[Site "Longueuil CAN"]
[Date "2019.10.12"]
[Round "2.9"]
[White "Perez Rodriguez, Luis Manuel"]
[Black "Tremblay, Alain"]
[Result "1/2-1/2"]
[WhiteElo "2345"]
[BlackElo "2079"]
[PlyCount "131"]
[EventDate "2019.10.11"]
[EventType "swiss"]
[EventRounds "5"]
[EventCountry "CAN"]

1. e4 e6 2. d4 d5 3. Nd2 Be7 4. Ngf3 c5 5. exd5 exd5 6. Bb5+ Nc6 7. O-O cxd4 8.
Nb3 Nf6 9. Ne5 Bd7 10. Nxd7 Qxd7 11. Nxd4 O-O 12. c3 a6 13. Ba4 b5 14. Nxc6
Qxc6 15. Bb3 Rad8 16. Bg5 h6 17. Bf4 Bc5 18. Qf3 Rfe8 19. Rfe1 Qb6 20. Rad1 Re4
21. Rxe4 dxe4 22. Rxd8+ Qxd8 23. Qe2 Qb6 24. h3 Qc6 25. Qd2 Qe8 26. Kf1 Qe7 27.
Bc2 g5 28. Be3 Bxe3 29. Qxe3 Qd6 30. Ke2 Kg7 31. Bxe4 Qh2 32. Bb7 Qc7 33. Bxa6
Qc4+ 34. Kd1 Qxa2 35. Bxb5 Qxb2 36. Be2 Qb1+ 37. Qc1 Qb3+ 38. Ke1 Ne4 39. c4
Qb6 40. c5 Qxc5 41. Qxc5 Nxc5 42. Kd2 Kf6 43. Ke3 Ke5 44. g3 Kf6 45. Bc4 Nd7
46. Ke4 Nf8 47. f4 gxf4 48. Kxf4 Ng6+ 49. Ke4 Ne7 50. Bb3 Kg7 51. Bc2 Nc6 52.
Ba4 Ne7 53. Bd1 Nc6 54. Bh5 Kf6 55. Bg4 Ne7 56. Bd7 Ng6 57. Ba4 Ne7 58. Bc2 Kg7
59. Ke5 Nc6+ 60. Kf4 f6 61. Bb3 Ne5 62. Kf5 Nd3 63. Bd5 Ne5 64. Ke6 Nd3 65. h4
Ne5 66. Kf5 1/2-1/2

[Event "Canada int. ch"]
[Site "Longueuil CAN"]
[Date "2019.10.12"]
[Round "2.10"]
[White "Zheng, Richard"]
[Black "Bouvier, Jesse"]
[Result "1/2-1/2"]
[WhiteElo "2013"]
[BlackElo "2266"]
[PlyCount "84"]
[EventDate "2019.10.11"]
[EventType "swiss"]
[EventRounds "5"]
[EventCountry "CAN"]

1. b3 d6 2. Bb2 Nf6 3. e3 c5 4. c4 e6 5. Nf3 Nbd7 6. Nc3 a6 7. e4 e5 8. g3 Rb8
9. a4 Be7 10. Bg2 Nf8 11. O-O Ne6 12. d3 O-O 13. Bc1 Nd4 14. Nxd4 cxd4 15. Nb1
b5 16. Nd2 b4 17. h3 Nd7 18. f4 Nc5 19. Nf3 f5 20. fxe5 fxe4 21. dxe4 dxe5 22.
Nxe5 Rxf1+ 23. Qxf1 Qe8 24. Rb1 Bd6 25. Nc6 Rb6 26. e5 Rxc6 27. Bd5+ Be6 28.
exd6 Rxd6 29. Bf4 Rd7 30. Re1 Qf7 31. Bxe6 Nxe6 32. Qg2 h6 33. Bd2 Nc5 34. Bxb4
Nxb3 35. Qc2 d3 36. Qxb3 Qf3 37. Bd6 Kh7 38. c5 Rxd6 39. cxd6 Qxg3+ 40. Kf1
Qf3+ 41. Kg1 Qg3+ 42. Kf1 Qf3+ 1/2-1/2

[Event "Canada int. ch"]
[Site "Longueuil CAN"]
[Date "2019.10.12"]
[Round "2.11"]
[White "Rodrigue-Lemieux, Shawn"]
[Black "Khan Wazeer, Ahmad"]
[Result "1-0"]
[WhiteElo "2263"]
[BlackElo "1654"]
[PlyCount "85"]
[EventDate "2019.10.11"]
[EventType "swiss"]
[EventRounds "5"]
[EventCountry "CAN"]

1. e4 d5 2. exd5 Nf6 3. Nc3 Nxd5 4. Bc4 Nb6 5. Bb3 Nc6 6. Nf3 Nd4 7. Nxd4 Qxd4
8. O-O Bg4 9. Qe1 e6 10. d3 Bb4 11. a3 Bxc3 12. bxc3 Qc5 13. a4 Qh5 14. f3 Bf5
15. g4 Bxg4 16. fxg4 Qxg4+ 17. Kh1 O-O 18. a5 Nd5 19. Ra4 Qg6 20. Rh4 Ne7 21.
Rg1 Qf5 22. Rf4 Qxa5 23. Bxe6 Ng6 24. Rf5 Qa4 25. Bb3 Qc6+ 26. Bd5 Qd7 27. Qf2
c6 28. Bb3 Rae8 29. Ba3 Re2 30. Qxe2 Qxf5 31. Bxf8 Kxf8 32. Rf1 Nf4 33. Qe3 g5
34. Qxa7 Qg4 35. Qb8+ Kg7 36. Qe5+ Kg6 37. Qe4+ Kg7 38. Rg1 Qh4 39. Qe7 Kh6 40.
Qf8+ Kh5 41. Bxf7+ Ng6 42. Bxg6+ Kxg6 43. Rf1 1-0

[Event "Canada int. ch"]
[Site "Longueuil CAN"]
[Date "2019.10.12"]
[Round "2.12"]
[White "Hua, Eugene"]
[Black "Duong, Thanh Nha"]
[Result "1/2-1/2"]
[WhiteElo "2285"]
[BlackElo "2165"]
[PlyCount "95"]
[EventDate "2019.10.11"]
[EventType "swiss"]
[EventRounds "5"]
[EventCountry "CAN"]

1. e4 e5 2. Nf3 Nc6 3. d4 exd4 4. Nxd4 Bc5 5. Nb3 Bb6 6. Nc3 Qf6 7. Qe2 Nge7 8.
Be3 O-O 9. O-O-O d6 10. h3 Be6 11. f4 Qh4 12. Bxb6 axb6 13. Qe3 Rfe8 14. g3 Qh6
15. Qd2 f5 16. Bg2 Kh8 17. g4 fxe4 18. Bxe4 d5 19. Bg2 d4 20. Nxd4 Bxa2 21. g5
Qg6 22. Bxc6 bxc6 23. Qd3 Qxd3 24. Rxd3 Bc4 25. Rdd1 Ra1+ 26. Kd2 Rxd1+ 27.
Rxd1 Rd8 28. Ke3 c5 29. Nf3 Rxd1 30. Nxd1 Be6 31. Nf2 Bf5 32. c4 Bb1 33. Nd1
Nf5+ 34. Kd2 Be4 35. Ne5 Bg2 36. Nc3 Bxh3 37. Nd5 h5 38. gxh6 gxh6 39. Ke2 Kg7
40. Kf2 Nd4 41. Nxc7 Be6 42. Ne8+ Kf8 43. Nd6 Ke7 44. Ne4 Nf5 45. Nc6+ Kd7 46.
Ne5+ Ke7 47. Nc6+ Kd7 48. Ne5+ 1/2-1/2

[Event "Canada int. ch"]
[Site "Longueuil CAN"]
[Date "2019.10.12"]
[Round "2.13"]
[White "Nicula, Marius"]
[Black "Miller, Rachel"]
[Result "1-0"]
[WhiteElo "2176"]
[BlackElo "1931"]
[PlyCount "73"]
[EventDate "2019.10.11"]
[EventType "swiss"]
[EventRounds "5"]
[EventCountry "CAN"]

1. Nf3 Nf6 2. g3 b6 3. Bg2 Bb7 4. O-O c5 5. d3 g6 6. e4 d6 7. b3 Bg7 8. Bb2
Nbd7 9. Nbd2 b5 10. Re1 O-O 11. c3 e5 12. a4 a6 13. Qc2 Qc7 14. Nf1 Rfb8 15.
N3d2 Bh6 16. Ne3 Nf8 17. Ra2 Ne6 18. axb5 axb5 19. Rea1 Rxa2 20. Rxa2 Qb6 21.
Ndf1 Rd8 22. Bc1 Bg7 23. Nd5 Nxd5 24. exd5 Nc7 25. c4 Na6 26. Bd2 Nb4 27. Bxb4
cxb4 28. Ne3 f5 29. cxb5 Qxb5 30. Qc7 Rc8 31. Qxd6 Qxd3 32. Ra7 Rc1+ 33. Bf1 f4
34. Rxb7 fxe3 35. Qe6+ Kh8 36. Qe8+ Bf8 37. Qxf8# 1-0

[Event "Canada int. ch"]
[Site "Longueuil CAN"]
[Date "2019.10.12"]
[Round "2.14"]
[White "Luksza, Arkadiusz"]
[Black "Zhang, Chu Hang"]
[Result "0-1"]
[WhiteElo "2048"]
[BlackElo "1829"]
[PlyCount "90"]
[EventDate "2019.10.11"]
[EventType "swiss"]
[EventRounds "5"]
[EventCountry "CAN"]

1. d4 d5 2. Nf3 Nf6 3. g3 e6 4. Bg2 c5 5. c4 Nc6 6. O-O Be7 7. cxd5 exd5 8. Nc3
O-O 9. Bg5 Bf5 10. Rc1 c4 11. Ne5 Be6 12. f4 Ng4 13. Bxe7 Nxe7 14. Qd2 Nf6 15.
e3 Rb8 16. Qe2 Qc8 17. a4 a6 18. a5 Nc6 19. Ra1 Rd8 20. Nxc6 bxc6 21. Na4 Bf5
22. Nc5 Nd7 23. Nxd7 Rxd7 24. Rfe1 Re7 25. Qd2 Qe8 26. h3 Rb3 27. g4 Bd3 28.
Qc1 f5 29. g5 Reb7 30. Ra2 Qb8 31. Rd1 Rxb2 32. Rxb2 Rxb2 33. Qc3 Qb3 34. Rxd3
cxd3 35. Bxd5+ Qxd5 36. Qxb2 Qc4 37. Qb8+ Kf7 38. Qe5 d2 39. Qxf5+ Ke7 40. Qe5+
Qe6 41. Qc5+ Ke8 42. Qc2 Qxe3+ 43. Kg2 Qe2+ 44. Kg3 d1=Q 45. Qxc6+ Kf8 0-1